000 00526nam a2200181Ia 4500
005 20250508151715.0
008 008 250505s9999 xx 000 0 eng d
037 _aTextual
040 _aFEDL
_beng
_cFEDL
041 _aeng
_2eng
084 _a154, MAR
_qFEDL
100 _aMartin P. W.
245 0 _aExperiment in depth : A study of the work of jung, Eliot and Toynbee
260 _aLondon, UK
_bRoutledge and Kegan Paul
_c1955
300 _a274p.
942 _cTEXL
_h154, MAR
999 _c1331573
_d1331573